| 000 | 00676nam a22002057a 4500 | ||
|---|---|---|---|
| 999 |
_c13236 _d13236 |
||
| 003 | AR-CdUCM | ||
| 008 | 190411b ||||| |||| 00| 0 spa d | ||
| 040 |
_aMUNICIPALIDAD PROVINCIAL DEL CUSCO _cBIBLIOTECA MUNICIPAL DEL CUSCO |
||
| 041 | _hale | ||
| 082 |
_a340 / _bS78 / 1925 |
||
| 100 |
_aStammler, R. _931532 |
||
| 245 | _aLa génesis del derecho / | ||
| 260 |
_aMadrid : _bCalpe, _c1925. |
||
| 300 |
_a142 páginas ; _c19 cm. |
||
| 440 |
_aBreviarios de ciencias y letras ; _931533 |
||
| 505 | _aContenido: Como puede surgir el derecho -- La vigencia del derecho -- El derecho positivo. | ||
| 650 |
_aDerecho _9739 |
||
| 942 |
_2ddc _cLIBROS |
||
| 945 |
_aacv _d2019-04-11 |
||